UM Logo

Fundamentals of information systems security / (Record no. 11674)

MARC details
000 -LEADER
fixed length control field 00743nam a22002057a 4500
008 - FIXED-LENGTH DATA ELEMENTS--GENERAL INFORMATION
fixed length control field 181218b ||||| |||| 00| 0 eng d
020 ## - INTERNATIONAL STANDARD BOOK NUMBER
International Standard Book Number 978-1-284-11645-8
082 ## - DEWEY DECIMAL CLASSIFICATION NUMBER
Edition number 2018
Classification number DC 005.82
Item number K491
100 ## - MAIN ENTRY--PERSONAL NAME
Personal name Kim, David
9 (RLIN) 33387
245 ## - TITLE STATEMENT
Title Fundamentals of information systems security /
Statement of responsibility, etc. David Kim and Michael G. Solomon
250 ## - EDITION STATEMENT
Edition statement Third Edition
260 ## - PUBLICATION, DISTRIBUTION, ETC. (IMPRINT)
Place of publication, distribution, etc. Burlington, Massachusetts :
Name of publisher, distributor, etc. Jones & Bartlett,
Date of publication, distribution, etc. ©2018.
300 ## - PHYSICAL DESCRIPTION
Extent xxii, 548 pages:
Other physical details illustrations;
Dimensions 23 cm.
500 ## - GENERAL NOTE
General note Includes appendix, glossary, references, and index.
650 ## - SUBJECT ADDED ENTRY--TOPICAL TERM
Topical term or geographic name as entry element Computer security
9 (RLIN) 33388
650 ## - SUBJECT ADDED ENTRY--TOPICAL TERM
Topical term or geographic name as entry element Information resources -- Security measures
9 (RLIN) 33389
700 ## - ADDED ENTRY--PERSONAL NAME
Personal name Solomon, Michael G.
9 (RLIN) 33390
365 ## - TRADE PRICE
Price amount 9,195.00
Currency code Php.
942 ## - ADDED ENTRY ELEMENTS (KOHA)
Source of classification or shelving scheme Dewey Decimal Classification
Koha item type Circulation
Holdings
Withdrawn status Lost status Source of classification or shelving scheme Damaged status Not for loan Collection code Home library Current library Date acquired Source of acquisition Cost, normal purchase price Total Checkouts Full call number Barcode Date last seen Copy number Price effective from Koha item type Shelving location Date last checked out
    Dewey Decimal Classification     Circulation UM Digos College - LIC UM Digos College - LIC 08/08/2018 Purchased 9195.00   DC 005.823 K560 2018 25353 05/15/2025 1 12/18/2018 Circulation    
    Dewey Decimal Classification     Circulation UM Digos College - LIC UM Digos College - LIC 08/08/2019 Purchased 6725.00 1 DC 005.823 K560 2018 25520 05/15/2025 2 11/19/2019 Circulation Book Cart 01/22/2024